00490nam a22001577a 450000500170000001000150001702000260003203500140005803700130007208200080008524500440009326000680013727000900020530000190029550000180031420230918113333.0 aENG-138076 a9789356069497c400.00 aEN-121608 bDBAD/PUB a540 aPearson IIT Foundation Chemistry 2023 / aUttar PradeshbPearson India Education Services Pvt. Ltd.c2023 a1st Floor, Berger Tower, Plot No. C-001A/2, Sector 16BbNoida (Uttar Pradesh)e201301 av.pc28cm(pbk) aFor Class 9th